000 01332nam a2200325Ia 4500
005 20210727153104.0
007 ta
008 121119s2011 c a g 000 j s
020 _a9789587053401
040 _aCO-BoRNBP
_bspa
_erda
_cCO-BoRNBP
041 _aspa
084 _aC ARC1
100 1 _aArciniegas, Triunfo
_d1957-
245 1 3 _aEl árbol triste
_cTriunfo Arciniegas ; ilustraciones de Diego Álvarez
250 _aPrimera edición
_bOctaba reimpresión
264 _aBogotá
_bEdiciones SM
_c2011
_c2017
300 _a60 páginas
_b[3] páginas de laminas, ilustraciones a color
_c19 cm.
336 _atexto
_btxt
_2rdacontent
337 _asin mediación
_bn
_2rdamedia
338 _avolumen
_bnc
_2rdacarrier
490 _aEl Barco de Vapor
_vSerie Blanca Primeros Lectores Volumen 21
500 _aIncluye datos biográficos del autor
650 1 4 _2LEMB
_aCuentos infantiles colombianos
_ySiglo XX
650 1 4 _2LEMB
_aLiteratura infantil colombiana
_ySiglo XX
650 1 4 _2LEMB
_aÁrboles
_vCuentos infantiles
650 1 4 _2LEMB
_aAves
_vCuentos infantiles
700 1 _aÁlvarez, Diego
_eilustrador
830 _aColección de Fortalecimiento 2011
_pColección de Fortalecimiento del Ministerio de Cultura, Plan Nacional de Lectura y Escritura Leer es mi Cuento, Fortalecimiento 2011
_910259
942 _2loc
_cBKLIT
999 _c2201
_d2201